| 000 | 00590nam a2200217 a 4500 | ||
|---|---|---|---|
| 005 | 20230602063532.0 | ||
| 008 | 991125s1994 mx 000 0 spa u | ||
| 020 | _a9683910629 | ||
| 035 | _aUPN01000004370 | ||
| 049 | _aF | ||
| 050 | 4 |
_aPQ7297 P285 _bA73 |
|
| 100 | 1 |
_aPaz, Octavio, _d1914-1998 |
|
| 245 | 1 | 0 |
_aArenas movedizas : _bcuentos ; _cOctavio Paz. |
| 260 |
_aMéxico : _bAlianza, _c[1994?]. |
||
| 300 | _a94 p. | ||
| 440 | 0 | _aAlianza cien | |
| 650 | 4 |
_aCuentos mexicanos _96937 |
|
| 650 | 2 |
_aTeatro mexicano _910342 |
|
| 740 | 3 | _aLa hija de Rappaccini : teatro | |
| 905 | _aLibro | ||
| 999 |
_c4370 _d4370 |
||